Normal view MARC view
  • Montmollin, Germaine de

Entry Nombre Personal

Number of records used in: 2

001 - NUMERO DE CONTROL

  • campo de control: 47258

003 - IDENTIFICADOR DE NUMERO DE CONTROL

  • campo de control: DLC

005 - FECHA Y HORA DE LA ÜLTIMA TRANSACCIÓN

  • campo de control: 20221123085026.0

008 - DATOS DE LONGITUD FIJA

  • campo de control de longitud fija: 221123n| acannaab| |a aaa |||

010 ## - NÚMERO DE CONTROL DE LA BIBLIOTECA DEL CONGRESO

  • Número de control LC: n 78002240

040 ## - FUENTE DE CATALOGACIÓN

  • Agencia original de catalogación: DLC
  • Agencia de transcripción: DLC
  • Agencia que lo modifica: DLC
  • Agencia que lo modifica: MX-MxUPN
  • Lenguaje de catalogación: spa

100 10 - ENCABEZAMIENTO - NOMBRE PERSONAL

  • Nombre personal: Montmollin, Germaine de

400 10 - VEÁSE - NOMBRE DE PERSONA

  • Personal name: Montmollin, G. (Germaine) de

400 10 - VEÁSE - NOMBRE DE PERSONA

  • Personal name: De Montmollin, Germaine

670 ## - FUENTE EN LA QUE SE LOCALIZARON DATOS

  • Cita de la fuente: En su obra: L'influence sociale, c1977:
  • Información localizada: portada (Germaine de Montmollin, maître de conférences à l'Université de Paris V, René Descartes)

670 ## - FUENTE EN LA QUE SE LOCALIZARON DATOS

  • Cita de la fuente: Psychologie sociale cognitive, 1987:
  • Información localizada: portada (G. de Montmollin)

902 ## - CATALOGADOR

  • Catalogador: NDAF/231122